<Les> Sciences économiques et sociales evolution et perspectives

Na minha lista:
Detalhes bibliográficos
Formato: Livro
Idioma:francês
alemão
Publicado em: Freiburg Universitätsverlag Freiburg 1990
Edição:1. éd.
Assuntos:
Tags: Adicionar Tag
Sem tags, seja o primeiro a adicionar uma tag!

MARC

LEADER 00000nam a2200000 4500
001 c014213
005 20221206122709.8
020 |a 3-7278-0719-9 
041 0 |a fre 
041 0 |a ger 
044 |a CH 
245 1 0 |a <Les> Sciences économiques et sociales  |b evolution et perspectives 
250 |a 1. éd. 
264 1 |a Freiburg  |b Universitätsverlag Freiburg  |c 1990 
300 |a 357 s. 
610 2 0 |a veda ekonomická 
610 2 0 |a vedy spoločenské 
610 2 0 |a procesy sociálno-ekonomické 
610 2 0 |a procesy sociálne 
610 2 0 |a školy vysoké 
610 2 0 |a univerzity 
610 2 0 |a história 
610 2 0 |a analýza operačná 
610 2 0 |a poľnohospodárstvo 
610 2 0 |a hospodárstvo podnikové 
610 2 0 |a politika 
610 2 0 |a informatika 
610 2 0 |a žurnalistika